| 000 | 00443nam a2200157 a 4500 | ||
|---|---|---|---|
| 001 | 000024756 | ||
| 005 | 20200930023342.0 | ||
| 008 | 110203s1970 xxua r 000 0 spa d | ||
| 040 |
_aDO-SdBNP _bspa _cBNPHU |
||
| 082 |
_ann* _bnn* |
||
| 100 | 1 |
_aPrice, E. B. _950794 |
|
| 245 | 1 | 3 |
_aLos testigos de Jehova y la verdad / _cE. B. Price. |
| 260 |
_aEstados Unidos : _bInteramericanas, _c1970. |
||
| 300 |
_a128 p. : _bil. ; _c19 cm. |
||
| 049 | _aBNGR | ||
| 999 |
_c24249 _d24249 |
||